000 00511nam a2200193Ia 4500
005 20250923144507.0
008 008 250917s9999 xx 000 0 eng d
037 _aTextual
040 _aDSWL
_beng
_cDSWL
041 _aeng
_2eng
084 _qDSWL
100 _aHinkle, Roscoe
_9825435
245 0 _aDevelopment of modern sociology
_cby Roscoe Hinkle
260 _aNew York
_b Double Day & Co
_c1954
300 _ax,75p.
700 _aJ Gisela
_9825436
942 _cTEXL
999 _c1439602
_d1439602